000 01217nam a2200265Ia 4500
003 Co-PeBPM
005 20241008160937.0
007 ta
008 240613s2008c]|ck x ||||||||||||||spaund||
020 _a9789587142167
040 _aCo-PeBPM
_bspa
_cCo-PeBPM
_erda
041 _aspa
082 0 4 _a070.44 N677Ll
_222
100 _aNieto, Patricia
_eautora
245 0 _aLlanto en el paraíso
_b: Crónicas de la guerra en Colombia /
_c/ Patricia Nieto
260 _aMedellín:
_b: Editorial Universidad de Antioquía. División de Extensión Cultural
_c, 2008
260 _bEditorial Universidad de Antioquia
300 _a200 páginas
_c21,5 centímetros
500 _aVI Premio Nacional de Crónica Periodística y Reportaje
500 _aIncluye índice
505 _aLa pasión según Caicedo. -- La última florecita nutabe. -- Los vencidos: cuando el hogar es otro país.
586 _aPremios Nacionales de Cultura Universidad de Antioquía (VI Premio Nacional de Crónica Periodística y Reportaje)
650 _aCrónicas periodísticas
_z-Colombia
_aConflicto armado
_aRelatos personales
_aViolencia
_z-Colombia
_z-Relatos personales
_aConflicto armado
_z-Colombia
_z-Relatos personales
942 _2ddc
_cBK
_n0
999 _c60037
_d60037